समस्त्रोतीय शब्दावली हिन्दी-खाशी ,एंव खाशी-हिन्दी (Record no. 66941)

MARC details
000 -LEADER
fixed length control field 00880nam a22001697a 4500
005 - DATE AND TIME OF LATEST TRANSACTION
control field 20120521111847.0
020 ## - INTERNATIONAL STANDARD BOOK NUMBER
International Standard Book Number 9789381481069
Terms of availability 90.00
082 ## - DEWEY DECIMAL CLASSIFICATION NUMBER
Classification number 423
100 ## - MAIN ENTRY--PERSONAL NAME
Personal name कुमार, ब्रज बिहारी
245 ## - TITLE STATEMENT
Title समस्त्रोतीय शब्दावली हिन्दी-खाशी ,एंव खाशी-हिन्दी
Statement of responsibility, etc ब्रज बिहारी कुमार
260 ## - PUBLICATION, DISTRIBUTION, ETC. (IMPRINT)
Place of publication, distribution, etc दिल्ली
Name of publisher, distributor, etc विजया बुक्स
Date of publication, distribution, etc 2012
270 ## - ADDRESS
Address 1/10753, सुभाष पार्क, गली नं. 3, नवीन शाहदरा
Postal code 110032
Telephone number 011-22822514
300 ## - PHYSICAL DESCRIPTION
Extent 34 पृ.
Dimensions 22 सेंमीं (सजिल्द)
942 ## - ADDED ENTRY ELEMENTS (KOHA)
Source of classification or shelving scheme Dewey Decimal Classification
Item type Hindi Books
Classification part 423
Call number suffix कुमार
Holdings
Withdrawn status Lost status Not for loan Home library Current library Date acquired Cost, normal purchase price Full call number Cost, replacement price Koha item type
      Andrews Gunj Andrews Gunj 21/05/2012 90.00 423 कुमार 90.00 Hindi Books

© Delhi Public Library
Hit Counter
free hit counter